000
00310nam a2200109Ia 4500
008
230724s1989 xx und d
041
_a
eng
100
_a
MAURICE E. MARTHA MULLER FOUNDATION
245
_a
ZENTRUM PAUL KLEE, BERN, THE ARCHITECTURE.
260
_b
HARCOURT PRIVATE LIMITED
_c
1989
300
_a
159
999
_c
1176092
_d
1176092